000 00688nam a2200241Ia 4500
003 OSt
005 20220927105158.0
006 a|||||r|||| 00| 0
007 ta
008 220926b |||||||| |||| 00| 0 eng d
024 _a186751
037 _cReference Collections
040 _aRTL
_cRTL
_beng
041 _2eng
_aeng
082 _a"X9.2.N85r, M5/GD"
110 _aRECKITT & COLMAN OF INDIA LTD
_9370708
245 0 _aAnnual report 1985-86.
260 _aCalcutta
_bRCI
_c1985
300 _a24p.
_ccm.
700 _aRECKITT & COLMAN OF INDIA LTD
_9370709
942 _h"X9.2.N85r, M5/GD"
_cCC
999 _c691034
_d691034